00379nam a2200109Ia 4500008004100000040001700041041001200058082001700070100002500087245014600112300001100258230917s9999||||xx |||||||||||||| ||und|| e107428aMAIN aEnglish a615.842 S61E aSingh, Harmeet Singh 0aEvoluation of protaolytic Enzyemes (Trypsin, chymtrypsin, and Papain) as Radiation effect modifiers in locally advanced Head and Neck Cancers a166 p.